Taylor Swift Track 7 Songs - Sudden Death - Statistics

General Stats
  • This quiz has been taken 41 times
  • The average score is 4 of 8
Answers on the Grid
Answers color-coded by a green-red scale on the quiz's grid according to % correct below.
Stay Stay Stay
I Did Something Bad
Question…?
Should’ve Said No
happiness
I Wish You Would
Tell Me Why
Fresh Out The Slammer
The Story Of Us
Bad Blood
So It Goes…
Midnight Rain
Hey Stephen
I Almost Do
seven
Paper Rings
 
Answer Stats
Answer % Correct
I Wish You Would
92%
happiness
69%
Question…?
62%
The Story Of Us
54%
I Almost Do
46%
seven
46%
So It Goes…
46%
Fresh Out The Slammer
23%
No matching quizzes found
Score Distribution
Percent of People with Each Score
Percentile by Number Answered
Your Score History
You have not taken this quiz